000 00278 a2200133 4500
000 nam a22 7a 4500
100 _akuby
110 _akuby
245 _aKuby Immunology
250 _alatest edition
260 _bMedtech
_c2026
264 _bMedtech
_c2026
942 _cBK
999 _c395168
_d395168